Health status of Kerala (Record no. 1458777)

MARC details
000 -LEADER
fixed length control field 00623nam a2200217Ia 4500
005 - DATE AND TIME OF LATEST TRANSACTION
control field 20250923150031.0
008 - FIXED-LENGTH DATA ELEMENTS--GENERAL INFORMATION
fixed length control field 008 250917s9999 xx 000 0 eng d
037 ## - SOURCE OF ACQUISITION
Stock number Textual
040 ## - CATALOGING SOURCE
Original cataloging agency DSWL
Language of cataloging eng
Transcribing agency DSWL
041 ## - LANGUAGE CODE
Language code of text/sound track or separate title eng
Source of code eng
084 ## - COLON CLASSIFICATION NUMBER
Classification number YX;5-H4.212, N84
Assigning agency DSWL
100 ## - MAIN ENTRY--PERSONAL NAME
Personal name Panikar, P.G.K.
9 (RLIN) 841490
245 #0 - TITLE STATEMENT
Title Health status of Kerala
Statement of responsibility, etc. by P.G.K. Panikar
260 ## - PUBLICATION, DISTRIBUTION, ETC.
Place of publication, distribution, etc. Trivandrum
Name of publisher, distributor, etc. Centre For dev. Studies
Date of publication, distribution, etc. 1984
300 ## - PHYSICAL DESCRIPTION
Extent 159 p.
365 ## - TRADE PRICE
Price type code INR
Price amount 100.00
700 ## - ADDED ENTRY--PERSONAL NAME
Personal name C.R. Soman
9 (RLIN) 841491
925 ## -
-- 100.00
942 ## - ADDED ENTRY ELEMENTS (KOHA)
Koha item type Textual
Classification part YX;5-H4.212, N84
Holdings
Withdrawn status Lost status Damaged status Not for loan Home library Current library Date acquired Total Checkouts Full call number Barcode Date last seen Price effective from Koha item type
        Department of Social Work Library Department of Social Work Library 2025-09-23   YX;5-H4.212, N84 SW0027218 2025-09-23 2025-09-23 Textual
Copyright @ Delhi University Library System